00816nam a2200217Ia 450000500170000000800410001702000190005824501300007725000400020730000270024749000120027465000490028665000440033570000350037926400490041433600270046333700330049033800280052304000350055108400120058620220317000953.0160825s2008 mx g 000 0 spa  a9789681603301210aPopol Vuhblas antiguas historias del Quiché; traducidas del texto original con introducción y notas por Adrián Recinos a2a. edición b33a. reimpresión  a185 páginas c16 cm  aPopular142LEMBaLeyendas indígenas de guatemaltecas 142LEMBaMitos indígenas guatemaltecas 1 aRecinos, Adrían etraductor  aMéxicobFondo de Cultura Económicac2008 atextobtxt2rdacontent asin mediaciónbn2rdamedia avolumenbnc2rdacarrier aCO-BoRNBPbspaerdacCO-BoRNBP aLM POP1